[Event "World op 28th"]
[Site "Philadelphia"]
[Date "2000.07.02"]
[Round "5"]
[White "Atalik, Suat"]
[Black "Ehlvest, Jaan"]
[Result "1/2-1/2"]
[WhiteElo "2575"]
[BlackElo "2622"]
[Annotator "Atalik,S"]
[PlyCount "65"]
[EventDate "2000.06.28"]
[EventType "swiss"]
[EventRounds "9"]
[EventCountry "USA"]
[SourceTitle "CBM 078"]
[Source "ChessBase"]
[SourceDate "2000.10.18"]
[SourceVersion "1"]
[SourceVersionDate "2000.10.18"]
[SourceQuality "1"]

1. d4 Nf6 2. c4 e6 3. Nf3 b6 {The beginning of a 3 Queens Indian 3draws series
with Jaan.} 4. g3 Ba6 5. b3 Bb4+ 6. Bd2 Be7 7. Bg2 c6 8. Bc3 d5 9. Nbd2 Nbd7
10. O-O O-O 11. Re1 c5 12. e4 dxc4 {Jaan takes the challenge and goes after
white.} (12... dxe4 13. Nxe4 Nxe4 14. Rxe4 Bb7 15. Re3 Bf6 16. dxc5 $14) 13.
Nxc4 cxd4 (13... Bb7 14. Qd3 $5 (14. e5 Nd5 15. Bd2 Rc8 16. a4 $13 {is a well
known Kasparov idea.}) 14... cxd4 15. Nxd4 Nc5 16. Qc2) 14. Nxd4 Rc8 (14...
Bxc4 15. bxc4 Ne5 16. Nxe6 fxe6 17. Bxe5 Bc5 18. Qe2 (18. Rf1 $5 Qxd1 (18...
Qe7 19. Qe2) 19. Raxd1 Rad8 $44) 18... Nd7 19. Bf4 e5 20. Be3) 15. Rc1 $6 $146
(15. e5 $5 {Van Wely's idea struck both me and Jaan during the game.} Nd5 16.
Bxd5 exd5 17. Nf5 Bxc4 $5 (17... dxc4 $6 {looks like simply refuting whites
idea.} 18. Qg4 Bg5 (18... g6 19. Nh6+ (19. e6 h5 (19... Bf6 20. e7 Qc7 21.
exf8=Q+ Kxf8 22. Bxf6 Nxf6 23. Qd4 Qd8 24. Qc3 $18) (19... Nf6 20. Nh6+ (20.
Bxf6 Bxf6 21. e7 Qd5 $11) 20... Kg7 21. Rad1 Kxh6 (21... Qc7 22. Nf5+ Kg8 23.
Rd7 $18) (21... Qxd1 22. Nf5+ Kh8 23. Qxd1 gxf5 24. Qd7 $18) 22. Bxf6 Bxf6 23.
Rxd8 Rcxd8 24. e7 Rfe8 25. exd8=Q Rxe1+ 26. Kg2 Bxd8 27. Qd7 Bg5 28. h4 Bc1 29.
Qxf7 c3 30. g4 Ba3 31. b4 Bxb4 32. Qf4+ Kg7 33. Qxb4 $18) 20. Qe2 gxf5 21. exd7
(21. Qxh5 $6 Bf6 (21... f6 $2 22. Qg6+ Kh8 23. Rad1 cxb3 24. Rd4 Rc4 25. Rxd7
Rxc3 26. Rxd8 $18) (21... Nf6 22. Qg5+ Kh7 (22... Kh8 $2 23. Rad1) 23. Qxf5+
Kh6 24. Rad1 fxe6 25. Qh3+ Kg6 26. Rxd8 Bxd8 $17) 22. e7 Bxc3 23. exd8=Q Rcxd8
$17) 21... Qxd7 22. Qxe7 Qxe7 23. Rxe7 cxb3 24. axb3 Rxc3 25. Rxa6 Ra8 26. b4
Rb3 27. Raxa7 Rxa7 28. Rxa7 Rxb4 29. Kg2 $15) 19... Kg7 (19... Kh8 20. e6+ Nf6
21. Nxf7+ Rxf7 22. exf7 Kg7 23. Bxf6+ Bxf6 24. Re8 Qxe8 25. fxe8=Q Rxe8 26. Rd1
$18) 20. Rad1 Kxh6 21. Rxd7 cxb3 (21... Qe8 22. e6 f6 23. Bb4 Rc5 24. Bxc5 bxc5
25. Qf4+ g5 26. Qc7 $18) 22. Rxd8 Rfxd8 (22... Rcxd8 23. e6 f6 24. axb3 $18)
23. Qf4+ Bg5 24. Qxf7 Rxc3 25. f4 Bh4 26. axb3 $16) 19. Rad1 $1 (19. e6 fxe6 (
19... h5 $2 20. Qxh5 fxe6 21. Nxg7 Qe7 22. Nxe6 Bf6 23. Qg4+ Kh8 24. Nxf8 Qxf8
25. Rad1 Bxc3 26. Qh3+ Kg8 27. Rxd7 Bg7 28. Qe6+ Kh8 29. Re4 $18) 20. Nxg7 Nc5
21. f4 Qd3 $17) (19. Bd2 $2 Nxe5 20. Rxe5 Qxd2 $19) 19... h5 20. Qxh5 g6 21.
Qh3 {Van Wely&Cifuentes.} (21. Nh6+ Kh7 22. Qh3 Bxh6 23. Rxd7 Qg5) 21... cxb3
$1 (21... gxf5 $2 22. e6 Bf6 23. e7 Qe8 24. Bxf6 Nxf6 25. Qxf5 Nh7 26. Rd7 Rc5
27. Qg4+ Rg5 28. Qd4 $18) 22. Ba1 (22. Rxd7 Qxd7 23. e6 Rxc3 24. exd7 b2 $19) (
22. e6 Rxc3 23. Rxd7 gxf5 24. Rxd8 Bxd8 25. Qxf5 Rc5 26. Qg4+ Rg5 27. Qe4 Bf6
28. e7 Re8 29. axb3 $17) (22. Bd4 $3 Qc7 (22... gxf5 23. e6 f6 24. Qxf5 Ne5 25.
Bxe5 Qe8 26. Rd7 Qh5 27. e7 Rfe8 28. Bxf6 Rc5 29. Rd5 Bc8 30. Qd3 $18) (22...
Re8 23. e6 Nf6 (23... f6 24. exd7 Rxe1+ 25. Rxe1 Rc1 26. Rxc1 Bxc1 27. Nh6+
Bxh6 (27... Kg7 28. Qe6 b2 (28... Bb5 29. Qxf6+ Qxf6 30. Bxf6+ $18) 29. Qxf6+
Qxf6 30. Bxf6+ $18) 28. Qe6+ Kh7 29. Bxf6 Bc4 30. Qxc4 Qxd7 31. Qxb3 $18) 24.
exf7+ Kxf7 25. Rxe8 Kxe8 26. Qh8+ Kf7 27. Qg7+ Ke6 28. Qxg6 $18) 23. e6 Nf6 24.
Bxf6 Bxf6 25. exf7+ Rxf7 26. Nh6+ Kf8 27. Nxf7 Qxf7 28. Rd7 Qxd7 29. Qxd7 bxa2
30. Qxa7 Bc4 31. Rc1 $18) 22... Rc1 23. Rxc1 Bxc1 24. Rxc1 gxf5 25. Qxf5 $5 Nc5
26. Qg4+ Kh7 27. e6 f6 28. Qh5+ $11) (17... Nc5 $2 18. Ncd6 (18. Qxd5 $16)
18... Rc7 19. Qg4 $1 (19. Qxd5 $6 Nd3 $1 20. Nxe7+ Qxe7 21. e6 f5 $1 (21... f6
$2 22. Nf5 Qd8 23. Qe4 Bb7 24. e7 Bxe4 25. exd8=Q Rxd8 26. Rxe4 Rxc3 27. Re7
$16)) 19... g6 (19... Bg5 20. Bd2 $1 f6 21. Bxg5 fxg5 22. e6 $18) 20. Nh6+ Kg7
21. Ndf5+ Kh8 22. e6+ f6 23. Nf7+ $1 Rxf7 24. exf7 Ne4 $8 (24... gxf5 25. Bxf6+
$1 $18) 25. Rxe4 $3 dxe4 (25... gxf5 26. Bxf6+ $1 $18 Bxf6) (25... Bf8 26. Qxg6
$3 $18) 26. Rd1 Qf8 (26... Bd3 27. Qxe4 $1 Qf8 (27... Rxc3 28. Qxe7 Qxe7 29.
Nxe7 Kg7 30. Nd5) 28. Qxe7 $3 Qxe7 29. Nxe7 Kg7 30. Rxd3 Rxe7 31. Bxf6+ $18) (
26... Rd7 27. Rxd7 Qxd7 28. Bxf6+ $18) 27. Nxe7 Rxc3 28. Qe6 Kg7 $8 29. Nd5 Rf3
30. Qxe4 Rf5 31. Nc7 $18 Bc8 (31... Re5 32. Qxe5 fxe5 33. Ne6+ $18) 32. Ne8+
Kh8 33. Nd6 (33. Qc6 $1 $18) 33... Re5 34. Qf4 Re6 (34... Bf5 35. g4) 35. Nxc8
Qxc8 36. Qh6 {Van Wely-Lautier, Monaco(rapid) 1999}) 18. Qg4 (18. bxc4 Rxc4 $8
19. Re3 $11) (18. Qd4 Ba6 19. e6 Nf6 (19... Bf6 20. e7 Bxd4 21. exd8=Q Bxf2+
22. Kxf2 Rcxd8 23. Bxg7 Rfe8 24. Bd4 $44)) 18... Bg5 (18... g6 $2 19. e6 Nf6
20. Bxf6 (20. exf7+ $2 Kxf7 (20... Rxf7 21. Nxe7+ $18) 21. Rxe7+ Qxe7 22. Nh6+
Kg7 23. Nf5+ Kf7 $11) 20... Bxf6 21. e7 Qc7 22. exf8=Q+ Kxf8 23. Rac1 gxf5 24.
Qxf5 Bg7 25. bxc4 dxc4 26. Red1 $16) 19. Bd2 (19. e6 fxe6 20. Nxg7 (20. Nd6 Ba6
$1 (20... Bf6 $2 21. Qxe6+ Kh8 22. Bxf6 Rxf6 (22... Qxf6 23. Qxf6 Nxf6 24. Nxc8
Rxc8 25. bxc4 dxc4 26. Re7 $14) 23. Nf7+ Rxf7 24. Qxf7 Bb5 25. Re7 Qf8 26. Rxd7
Bxd7 27. Qxd7 Rc2 $11) (20... Bd3 $5 21. Qxe6+ Kh8 22. Nxc8 Qxc8 23. Bb4 Bf5 (
23... Nc5 24. Qxd5 Qd8 25. Qxd8 Rxd8 26. Rad1 $14) 24. Qxd5 Nf6 25. Qb5 Rd8 $17
) 21. Qxe6+ Kh8 22. Nf7+ Rxf7 23. Qxf7 Bf6 $17) 20... Bd3 21. Nxe6 Bf5 22. Qd4
Bf6 (22... Qf6 23. Nxf8) 23. Qxd5 Bxe6 24. Qxe6+ Rf7 $19) (19. bxc4 Rxc4 20.
Bd4 g6 21. Nd6 Nxe5 22. Rxe5 f5 $19) (19. Nxg7 Be2 20. Rxe2 Rxc3 21. Nf5 Kh8
22. h4 $44) (19. h4 Bd3 $40) 19... Bd3 (19... g6 20. Bxg5 gxf5 21. Qf4 $18) (
19... Nxe5 20. Rxe5 Bf6 21. Rae1 Bb5 22. Nxg7 Kh8 23. Bg5 Bxg5 24. Rxg5 $40)
20. Bxg5 Bxf5 21. Qxf5 Qe8 22. e6 (22. Bf6 Kh8) 22... fxe6 23. Qxe6+ Qxe6 24.
Rxe6 Nc5 25. Re2 $14) 15... b5 $2 (15... Bxc4 16. bxc4 e5 (16... Ba3 $2 17. Rc2
Rxc4 18. Nb5 Qc8 19. Qd3) 17. Nf3 Qc7 $1 $15 (17... Rxc4 18. Nxe5 Rxc3 19. Nxd7
Rxc1 20. Nxf6+ Bxf6 21. Qxc1 $11)) 16. e5 $1 bxc4 17. exf6 Nxf6 (17... Bxf6 18.
Nc6 Qc7 19. Ba5 Nb6 20. bxc4 $16) 18. Nc6 Qe8 19. Nxe7+ $2 (19. Qf3 $1 cxb3 20.
axb3 Bb5 (20... Rc7 $2 21. Qf4 {wins the exchange.}) 21. Nxa7 Rd8 22. Be5 $14)
19... Qxe7 20. Bxf6 Qxf6 21. Qd6 Bb5 $5 (21... e5 22. Qxf6 gxf6 23. Bf1 Rfd8
24. Bxc4 Bxc4 25. Rxc4 Rxc4 26. bxc4 Rd2 27. Rc1 Rxa2 (27... Kf8 28. c5 Ke7 29.
c6 Kd8 30. Rb1 Rxa2 31. Rb7 a5 32. Rxf7 Rc2 33. Ra7 Rxc6 34. Rxa5 Kd7 $11) 28.
c5 Rd2 29. c6 Rd8 30. Kg2 f5 31. Kf3 Kg7 32. Ke3 $11) 22. Qb4 Bc6 23. Rxc4 Bxg2
24. Kxg2 Rxc4 25. Qxc4 $1 (25. bxc4 Qd4) 25... Rd8 26. Qc5 Qd4 (26... Rd7 $1
$11) 27. Qxd4 Rxd4 28. Rc1 g6 29. Rc7 a6 30. Rc6 a5 31. Rc5 a4 32. Rb5 (32. Rc4
$2 Rxc4 33. bxc4 Kf8 34. Kf3 Ke7 35. Ke4 (35. c5 e5) 35... Kd6 36. Kd3 Kc5 37.
a3 e5 38. f3 (38. Kc3 e4) 38... f5 $19) 32... Rd2 (32... axb3 $11) 33. bxa4 (
33. bxa4 Rxa2 34. a5 f5 (34... Kg7 35. g4 h6 36. h4 Kf6 37. g5+ hxg5 38. hxg5+
Ke7 39. Rb7+ Kd6 40. Ra7 (40. Rxf7 Rxa5) 40... Ke5 41. Rxf7 Rxa5 42. Rf6 Ra3
43. f3 Ra1 $11) 35. Rb8+ Kf7 36. Ra8 e5 37. a6 e4 $11) 1/2-1/2

[Event "Skopje op 18th"]
[Site "Skopje"]
[Date "2002.01.20"]
[Round "6"]
[White "Andonovski, Ljubisa"]
[Black "Bojkovic, Natasa"]
[Result "0-1"]
[WhiteElo "2330"]
[BlackElo "2427"]
[Annotator "Atlas,V"]
[PlyCount "50"]
[EventDate "2002.01.15"]
[EventType "swiss"]
[EventRounds "9"]
[EventCountry "MKD"]
[SourceTitle "CBM 088"]
[Source "ChessBase"]
[SourceDate "2002.03.21"]
[SourceVersion "1"]
[SourceVersionDate "2002.03.21"]
[SourceQuality "1"]

1. d4 Nf6 2. c4 e6 3. Nf3 b6 4. g3 Ba6 5. b3 d5 6. Bg2 dxc4 7. Ne5 Bb4+ 8. Kf1
Bd6 9. Nxc4 Nd5 10. Bf3 f5 11. Kg2 Nc6 12. Bb2 O-O 13. Nbd2 Nce7 14. Re1 Qd7
15. e4 fxe4 16. Nxe4 h6 17. Qe2 Nf5 $1 18. Nexd6 $2 {A terrible mistake.
Correct was 18.Qd1 or 18.Qc2.} {[%tqu "En","White's last move looks very
natural, but in fact it's a very bad slip. How to punish White for it?","Use
your cavalry!","Try to deflect the g3-pawn!","f5h4","",5]} Nh4+ $1 {[%csl Re2,
Rf3,Rg2][%cal Gd5f4,Gh4f3,Gh4g2,Gf4e2,Gf4g2,Gf8f3] This powerful blow yields
Black a decisive advantage.} 19. Kh1 (19. gxh4 {loses after} Nf4+) 19... Nxf3
20. Ne4 Nxe1 {Gathering the harvest!} 21. Rxe1 Nf6 $1 22. f3 Nxe4 23. fxe4 Rf7
24. Qg4 Bxc4 25. bxc4 Raf8 {, and White resigned, as he has no compensation
for the exchange.} 0-1

[Event "Corus-B"]
[Site "Wijk aan Zee"]
[Date "2006.01.15"]
[Round "2"]
[White "Beliavsky, Alexander G"]
[Black "Naiditsch, Arkadij"]
[Result "0-1"]
[WhiteElo "2626"]
[BlackElo "2657"]
[Annotator "Atlas,V"]
[PlyCount "78"]
[EventDate "2006.01.14"]
[EventType "tourn"]
[EventRounds "13"]
[EventCountry "NED"]
[EventCategory "15"]
[SourceTitle "CBM 111"]
[Source "ChessBase"]
[SourceDate "2006.04.04"]
[SourceVersion "1"]
[SourceVersionDate "2006.04.04"]
[SourceQuality "1"]

1. d4 Nf6 2. c4 e6 3. Nf3 b6 4. g3 Ba6 5. Qa4 Be7 6. Bg2 O-O 7. Nc3 c6 8. Bf4
Qc8 9. Rc1 Qb7 10. Ne5 d5 11. cxd5 cxd5 12. b4 b5 13. Qb3 Rc8 14. O-O Nc6 15.
Nxc6 Rxc6 16. e4 Rc4 17. exd5 Nxd5 18. Nxd5 exd5 19. a3 Qc6 20. Rce1 Bf8 21.
Re5 Rd8 22. Rfe1 $6 ({More cautious} 22. Rd1 {was to be preferred. After the
text move Black gets a dangerous initiative.}) 22... Bc8 23. Qe3 Rc3 24. Qd2
Rxa3 25. Rc1 Qb7 26. Qe1 Be6 {White has no sufficient compensation for the
pawn, but Beliavsky tries to organize some counterplay on the kingside.} 27.
Bg5 Rd6 28. f4 g6 $6 ({Much stronger was} 28... Qd7 {After the text move
White's attack on the kingside becomes very dangerous.}) 29. f5 gxf5 30. Bf6
Bh6 (30... Rc6 {or 30...h6 was much more prudent.}) 31. g4 $1 fxg4 $2 {This
mistake could be fatal for Black.} 32. Rc5 $2 ({Overlooking the winning
continuation. After} 32. Qh4 $1 {would become irresistible.}) 32... Bf4 33. Qh4
Ra1+ 34. Bf1 h6 35. Qf2 Bxe5 36. dxe5 Rda6 37. Qd2 d4 38. Qxh6 {[%tqu "En",
"Black's king is in a desperate situation, but Black can strike first. How
should Black continue?","Eliminate the key defender of the white king.","Use
your a1-rook to expose the enemy king.","a1f1","After this simple move White's
king is doomed.",3]} Rxf1+ $1 {[%csl Ga6,Gb7,Rg1] Now mate is inevitable:} 39.
Kxf1 Ra1+ (39... Ra1+ {, with mate in a few moves:} 40. Rc1 (40. Ke2 Qf3+ 41.
Kd2 Qd1#) 40... Qh1+ 41. Kf2 (41. Ke2 Qg2+ 42. Kd3 Bc4+ 43. Kxd4 (43. Rxc4 Rd1+
) 43... Qd5+ 44. Ke3 Qf3+ 45. Kd4 Qd3+ 46. Kc5 Qd5#) 41... Ra2+ 42. Kg3 Qf3+
43. Kh4 Rxh2+ 44. Kg5 Qe3#) 0-1

[Event "Montreal-A 5th"]
[Site "Montreal"]
[Date "2004.08.09"]
[Round "6"]
[White "Roussel Roozmon, Thomas"]
[Black "Moiseenko, Alexander"]
[Result "0-1"]
[WhiteElo "2451"]
[BlackElo "2640"]
[Annotator "Atlas,V"]
[PlyCount "84"]
[EventDate "2004.08.04"]
[EventType "tourn"]
[EventRounds "11"]
[EventCountry "CAN"]
[EventCategory "12"]
[SourceTitle "CBM 103"]
[Source "ChessBase"]
[SourceDate "2004.11.11"]
[SourceVersion "1"]
[SourceVersionDate "2004.11.11"]
[SourceQuality "1"]

1. d4 Nf6 2. c4 e6 3. Nf3 b6 4. g3 Ba6 5. b3 b5 6. cxb5 Bxb5 7. Bg2 d5 8. O-O
Nbd7 9. Nc3 Ba6 10. Bb2 Bd6 11. Rc1 O-O 12. Na4 Bb5 13. Nc5 a5 14. Qc2 Qe7 15.
Rfe1 Rfc8 16. Ne5 Nxc5 17. dxc5 Bxe5 18. Bxe5 Nd7 19. Bb2 Bc6 20. e4 dxe4 21.
Bxe4 Bxe4 22. Rxe4 Rd8 23. Ra4 Nf6 24. Qc3 Rd5 25. Rxa5 Rad8 26. c6 Rd2 27. Rc2
Rd1+ 28. Kg2 h6 29. Qc5 Qxc5 30. Raxc5 {The ending is clearly better for White.
} Nd5 31. Rb5 f6 32. Rb7 Ra8 33. a3 Kf7 34. h4 (34. b4) 34... g5 35. h5 e5 36.
a4 Ke6 37. Rb5 f5 38. Re2 e4 39. Rb7 {White obviously lost orientation in the
endgame and allowed his opponent to develop a dangerous iniative on the
kingside.} Rg8 40. b4 $4 ({Careless move, allowing Black to conclude the game
with a nice combination. Correct was} 40. Rc2 {or 40.Rh2.}) {[%tqu "En","White
obviously understimated the opponent's threats. How should Black continue?",
"Expose the enemy king and bring the g8-rook into attack.","Sacrifice your
knight!","d5f4","This is a nice touch!",5]} 40... Nf4+ $1 {[%csl Gd1,Re2,Gf4,
Rg2,Gg5,Gg8][%cal Gg8g2,Gd1h1] This impressive knight move, obviously
overlooked by White, decides the game for Black.} 41. gxf4 gxf4+ 42. Kh2 (42.
Kh3 Rh1#) 42... f3 (42... f3 {, with inevitable mate:} 43. Rc2 Rg2+ 44. Kh3
Rh1#) 0-1

[Event "EU-chT (Men) 11th"]
[Site "Pula"]
[Date "1997.05.??"]
[Round "4.1"]
[White "Ftacnik, Lubomir"]
[Black "Timman, Jan H"]
[Result "1/2-1/2"]
[WhiteElo "2595"]
[BlackElo "2630"]
[Annotator "Avrukh,B"]
[PlyCount "54"]
[EventDate "1997.05.05"]
[EventType "team-swiss"]
[EventRounds "9"]
[EventCountry "CRO"]
[SourceTitle "CBM 057 Extra"]
[Source "ChessBase"]
[SourceDate "1997.05.01"]
[SourceVersion "1"]
[SourceVersionDate "1997.05.01"]
[SourceQuality "1"]
[WhiteTeam "Slovakia"]
[BlackTeam "Netherlands"]
[WhiteTeamCountry "SVK"]
[BlackTeamCountry "NED"]

1. d4 Nf6 2. Nf3 e6 3. c4 b6 4. g3 Ba6 5. Nbd2 Bb4 6. Qc2 Bb7 7. Bg2 Be4 {
I think one of the most solid lines against 5 Nbd2.} 8. Qb3 Bxd2+ 9. Bxd2 O-O (
9... d6 10. O-O Nbd7 11. Nh4 Bxg2 12. Nxg2 c5 13. d5 e5 14. Rae1 Ne4 15. Bc1 f5
16. f3 Nef6 17. Qc2 g6 18. Bh6 $16 {Tuominen,R-Veingold,A/Turku 1996/1-0 (64)})
10. O-O d6 {Black has elastic pawnstructure,all their pieces is well-placed ;
on the other hand white's two bishops is not so impotant thing in this
position, and white's play not so clear, all these factors make this line
quite safe for black.} (10... Nc6 $5 11. Rfd1 h6 (11... Bxf3 $2 12. Qxf3 Nxd4
13. Qxa8 Qxa8 14. Bxa8 Rxa8 15. Bg5 $16) 12. Qe3 Re8 13. Ne5 (13. Bc3 d5 14. b3
Ne7 $132) (13. b4 $5 {/\} d5 14. Ne5 Ne7 15. f3 Bh7 16. Rac1 $14) 13... Bxg2 (
13... Nxe5 14. dxe5 Bxg2 15. exf6 Bc6 16. fxg7 $16) 14. Kxg2 Ne7 15. Qf3 d6 16.
Ng4 $6 (16. Nc6 Nxc6 17. Qxc6 Qd7 $10) (16. Nd3 d5 17. cxd5 exd5 $10) 16... Nh7
$1 (16... Nf5 17. Nxf6+ Qxf6 18. Bc3 $36) 17. Qd3 (17. e4 f5 18. exf5 exf5 19.
Ne3 Ng5 20. Qh5 Rf8 $40) 17... f5 18. Ne3 Qd7 19. f3 (19. f4 $6 Nf6 {><e4})
19... Rf8 20. Nc2 Nf6 $11 {Ftacnik,L-Kortchnoi,V/Brno 1992/1/2-1/2 (67)}) 11.
Bg5 (11. Qa3 Nbd7 12. Rac1 Qe7 13. Rfd1 Rfe8 14. b4 e5 15. c5 dxc5 16. dxc5
bxc5 17. bxc5 h6 18. Ba5 Nb8 19. Bc3 Nc6 $11 {Romanishin,O-Timman,J/Taxco izt
1985/0-1 (74)}) (11. Rfd1 Nbd7 (11... Qe7 {N} 12. Qe3 $1 $14 Nbd7 13. Bc3 Rfe8
14. Rac1 h6 15. b3 Rac8 $2 16. Bh3 $1 c6 (16... Bb7 17. d5 e5 18. Nh4 $16) 17.
Bb2 Rc7 18. Nd2 Bg6 19. Nb1 $1 {/\ Nc3, d5} a6 20. Bg2 Rec8 21. Ba3 $1 $16 {
1-0 Karpov,A-Andersson,U/Reggio Emilia 1991 (35)}) 12. Rac1 h6 (12... Qe7 13.
Qa3 a5 14. h3 Rfe8 15. Be3 e5 16. Qc3 exd4 17. Bxd4 c5 18. Bxf6 Nxf6 19. Qb3
Qc7 $11 {Van Wely,L-Balashov,Y/BL2-W 1993/1-0 (55)}) 13. Qa3 a5 14. b3 Qe7 15.
Ne5 Bxg2 16. Kxg2 Nc5 17. Nf3 Nce4 18. Be1 Nh7 19. Qa4 f5 20. Qc6 Nhf6 21. Nd2
Qf7 22. f3 Nxd2 23. Bxd2 Qd7 24. Qxd7 Nxd7 $11 {De Boer,G-Van der Wiel,J/
NLD-ch Hilversum 1988/0-1 (61)}) 11... Nbd7 12. Qe3 $146 (12. Rad1 h6 13. Bxf6
Nxf6 14. Ne1 {= Torre,E-Timman,J/Bruxelles 1987}) 12... Qe8 $11 (12... h6 $6
13. Qxe4 $1 Nxe4 14. Bxd8 Raxd8 15. Rfd1 $14) 13. Rfc1 (13. Nh4 Bxg2 14. Nxg2
h6 15. Bxf6 Nxf6 $11) 13... Bb7 14. Bxf6 {otherwise after the next 14...Ne4
bishop on g5 is out of play.} Nxf6 15. h3 (15. b4 $1 Nd7 $140 16. c5 Nf6 17. a4
Nd5 18. Qd2 $36) 15... Nd7 16. Rc3 (16. b4 c5 17. a3 Qe7 $11) 16... h6 17. Ne5
{after this move , the draw result becomes clear.} Bxg2 18. Nxd7 Qxd7 19. Kxg2
a5 20. Rd1 Rfe8 21. Rd2 Qa4 22. Qd3 e5 23. dxe5 Rxe5 24. b3 Qb4 25. a4 Rae8 26.
e3 R8e6 27. Qc2 Qc5 1/2-1/2

[Event "San Roque"]
[Site "San Roque"]
[Date "1996.??.??"]
[Round "1"]
[White "Izeta Txabarri, Felix"]
[Black "Campora, Daniel Hugo"]
[Result "1/2-1/2"]
[WhiteElo "2470"]
[BlackElo "2540"]
[Annotator "Avrukh,B"]
[PlyCount "112"]
[EventDate "1996.02.??"]
[EventType "tourn"]
[EventRounds "9"]
[EventCountry "ESP"]
[EventCategory "11"]
[SourceTitle "CBM 057"]
[Source "ChessBase"]
[SourceDate "1997.04.01"]
[SourceVersion "1"]
[SourceVersionDate "1997.04.01"]
[SourceQuality "1"]

1. d4 Nf6 2. Nf3 e6 3. c4 b6 4. g3 Ba6 5. b3 Bb4+ 6. Bd2 Be7 7. Bg2 O-O 8. O-O
d5 9. Ne5 c6 10. Bc3 Nfd7 11. Nxd7 Nxd7 12. Nd2 Rc8 13. e4 b5 14. Re1 dxc4 15.
bxc4 bxc4 16. Qa4 Bb5 17. Qc2 Ba3 (17... Re8) (17... e5) 18. Nxc4 (18. Rad1 $2
Nb6 {threating Ba4}) (18. Nb1 Bd6 {it's i think the main idea (of17...Ba3),to
improve bishop on d6 and to play 19...e5,or sometimes c5 without long
preparation (Re8,Bf8).} 19. a4 Ba6 20. Nd2 {Karpov-Gurevich.M. 1988 ,and now
20...c5!21d5-Ne5 was possible with good chances.} (20. e5 $5 {An interesting
idea to confine (with next 21 a5) black piecies.} Be7 21. a5 $1 Qc7 22. Nd2 Rb8
23. Qa4 Bb5 24. Qa2 $14 {and here draw was agreed in Belakovskaia-Fedorovich
1991 game})) 18... Bxc4 19. Qa4 Qe7 {N} (19... c5 20. Qxa3 cxd4 21. Bxd4 $14)
20. Qxc4 c5 21. d5 (21. Rad1 Nb6 (21... cxd4 22. Qxd4 Rxc3 $2 (22... e5 $10)
23. Qxc3 Bb4 24. Qc7 $1 (24. Rxd7 Bxc3 25. Rxe7 Bxe1 26. Rxa7 $14) 24... Bxe1
25. Rxe1 Qb4 26. Rd1 $16) 22. Qa6 cxd4 23. Bxd4 Rc2 24. Re2 $10) (21. Rab1 cxd4
22. Qxd4 e5 23. Qd2 Nf6 $10) 21... Bb4 (21... exd5 $2 22. exd5 Qd6 23. Bxg7 $1
$18) (21... Nb6 $5 22. Qa6 (22. Qd3 {/\Bg7} c4 (22... Bb4 $2 23. Bxb4 cxb4 24.
d6 $16) 23. Qd4 f6 (23... Qg5 $5) 24. Bh3 e5 25. Qd2 Rb8 $13 {with idea Na4 to
change B on c3.}) 22... c4 (22... Bb4 $5) 23. Bh3 Rc7 24. Rab1 $14) 22. dxe6 $6
Qxe6 $6 (22... fxe6 $142 23. e5 (23. Rab1 Nb6 24. Qb3 Bxc3 25. Qxc3 Rfd8 $15) (
23. Bh3 Bxc3 24. Qxc3 c4 $10) 23... Nb6 24. Qb3 Bxc3 25. Qxc3 $10) 23. Qxe6
fxe6 24. Rac1 Nb6 $2 {/\25...Na426Bb4-cb ><c3} (24... Kf7 $142 $14) 25. Bh3 Kf7
26. Re3 $1 $16 Rg8 $1 (26... Bxc3 $2 27. Rexc3 c4 (27... Nd7 $142) 28. Bf1 $16)
(26... g5 $2 27. Rf3+ Ke7 28. Rxf8 Rxf8 29. Bxb4 cxb4 30. Rc7+ $18) 27. a3 $1
Bxc3 $8 28. Rexc3 Nd7 (28... c4 $2 29. Bf1 Rc5 30. Bxc4 Rgc8 $2 31. Bxe6+ $18)
29. Bf1 Rb8 $8 30. a4 $1 Rb4 31. Rd1 (31. Bb5 Nb6 (31... Ke7 32. Rd1 Nb6 33.
Rxc5 Nxa4 34. Rd7+ Kf6 35. e5+ Kg5 (35... Kg6 $2 36. Bd3+ $18) 36. h4+ (36. f4+
$2 Kh6 37. Bxa4 Rxa4 38. Rc6 Ra2 $132) 36... Kh6 37. Bxa4 Rxa4 38. Re7 $16) 32.
Rxc5 Nxa4 33. Rc7+ Kf6 34. Bd3 $1 (34. Rxa7 Rxb5 35. Rxa4 g5 {and it must be
draw.}) 34... Nb2 (34... Rd8 35. e5+ Kxe5 36. Bxh7 $16) 35. e5+ Kxe5 36. Bxh7
Ra8 37. Rxg7 $18) 31... Nf6 $8 32. Rxc5 Rxa4 (32... Nxe4 33. Rc7+ Kf6 34. Rxa7
$18) 33. e5 Nd5 (33... Ne4 34. Rc7+ Kg6 35. Bc4 $1 $18) 34. Bc4 (34. Rb1 $5)
34... Rd8 35. Bxd5 $2 (35. f4 $1 g6 (35... a5 36. f5 $18) (35... Ke7 36. f5 $18
) 36. g4 $1 (36. Bxd5 exd5 37. Rcxd5 Rxd5 38. Rxd5 Ra2 39. Rd7+ Kg8 40. g4 Re2
$1 $10 (40... Ra4 41. e6 Rxf4 42. Rd8+ $18)) 36... Ke7 37. f5 gxf5 38. gxf5
Rg8+ 39. Kf2 $18 Rg5 40. f6+ Kf7 41. Bxd5 Rxe5 42. Rc7+ Kxf6 43. Bf3 $18) 35...
Rxd5 36. Rdxd5 exd5 37. Rxd5 Ke6 38. Rb5 g5 $1 $10 39. Rb7 h5 40. Rg7 (40. Rh7
h4 $10) 40... Kf5 41. e6 Re4 42. Rxa7 Rxe6 43. Kg2 Kg6 44. Ra4 Rb6 45. h4 g4
46. Kf1 Re6 47. Ra3 Kf5 48. Re3 Ra6 49. Rc3 Re6 50. Rd3 Kg6 51. Re3 Ra6 52. Re5
Ra1+ 53. Ke2 Ra2+ 54. Kf1 Ra1+ 55. Re1 Rxe1+ 56. Kxe1 Kf5 1/2-1/2